Online
Catalog

Separata y más : (Record no. 27965)

MARC details
000 -CABECERA
campo de control de longitud fija 00592nam a2200181 a 4500
001 - NÚMERO DE CONTROL
campo de control 000028473
005 - FECHA Y HORA DE LA ÚLTIMA TRANSACCIÓN
campo de control 20200930054949.0
008 - DATOS DE LONGITUD FIJA--INFORMACIÓN GENERAL
campo de control de longitud fija 110408s2010 dr c 000 p spa d
040 ## - FUENTE DE LA CATALOGACIÓN
Centro catalogador/agencia de origen DO-SdBNP
Lengua de catalogación spa
Centro/agencia transcriptor BNPHU
082 ## - NÚMERO DE LA CLASIFICACIÓN DECIMAL DEWEY
Número de clasificación xxxx
Número de documento/Ítem P438
049 ## - FONDOS LOCALES (OCLC)
Fondos de biblioteca BNPD
100 1# - ENTRADA PRINCIPAL--NOMBRE DE PERSONA
Nombre de persona Pérez-Incháustegui, Josefina
9 (RLIN) 55372
245 10 - MENCIÓN DE TÍTULO
Título Separata y más :
Resto del título poemas /
Mención de responsabilidad, etc. Josefina Pérez-Incháustegui.
260 ## - PUBLICACIÓN, DISTRIBUCIÓN, ETC.
Lugar de publicación, distribución, etc. Santo Domingo :
Nombre del editor, distribuidor, etc. Editora Universitaria,
Fecha de publicación, distribución, etc. 2010.
300 ## - DESCRIPCIÓN FÍSICA
Extensión 59 p. :
Otras características físicas retrs. ;
Dimensiones 15 p.
490 1# - MENCIÓN DE SERIE
Mención de serie Educación y sociedad
Designación de volumen o secuencia no. 76, v. 1470
830 #0 - PUNTO DE ACCESO ADICIONAL DE SERIE-TÍTULO UNIFORME
Título uniforme Educación y sociedad
Número de parte o sección de la obra no. 76
Designación de volumen o secuencia 1470
9 (RLIN) 55428
Holdings
Estado de retiro Estado de pérdida No para préstamo Código de colección Localización permanente Ubicación/localización actual Ubicación en estantería Fecha de adquisición Número de inventario Total de préstamos Signatura topográfica completa Código de barras Fecha visto por última vez Número de copia Precio válido a partir de Tipo de ítem Koha
    Excluido de préstamo Dominicana de Servicio General General En catalogación 08.04.2011 LF1   xxxx P438 28473-30 25.06.2020 e. 3 25.06.2020 Libro y Folleto Colección Dominicana de Servicio
    Excluido de préstamo Patrimonio Dominicano Patrimonio Dominicano Patrimonio Dominicano Depósito 08.04.2011 LF1   xxxx P438 28473-10 25.06.2020   25.06.2020 Libro y Folleto Colección Patrimonio Dominicano
    Excluido de préstamo Patrimonio Dominicano Patrimonio Dominicano Patrimonio Dominicano En catalogación 08.04.2011 LF1   xxxx P438 28473-20 25.06.2020 e. 2 25.06.2020 Libro y Folleto Colección Patrimonio Dominicano

Powered by Koha